| 000 | 00000nas##2200000za#4500 |
| 001 | 9.513447 |
| 003 | CaOODSP |
| 005 | 20200421174734 |
| 007 | ta |
| 008 | 150406c2002||||xxc|| p #||||f| |0fre|d |
| 022 | |a1499-2477 |
| 040 | |aCaOODSP|bfre |
| 043 | |an-cn--- |
| 086 | 1 |aTU2-8F |
| 110 | 2 |aBureau de la sécurité des transports du Canada. |
| 245 | 10|aRéflexions sur la sécurité des transports. Aviation |
| 260 | |aOttawa - Ontario : |bBureau de la sécurité des transports du Canada |
| 310 | |aIrrégulier |
| 362 | 1 |aN° 25 (févr. 2002)-- |
| 500 | |aTitre du départ. |
| 563 | |aCouverture souple |
| 775 | 08|tTransportation safety reflexions. Air |w(CaOODSP)9.515118 |
| 776 | 0#|tRéflexions sur la sécurité des transports. Aviation |w(CaOODSP)9.504018 |